Jones's Studies in Practical Banking. (Record no. 537)

MARC details
005 - DATE AND TIME OF LATEST TRANSACTION
control field 20250626150741.0
082 ## - DEWEY DECIMAL CLASSIFICATION NUMBER
Classification number 332.1 HOL
100 ## - MAIN ENTRY--PERSONAL NAME
Author name HOLDEN, J. M.
245 ## - TITLE STATEMENT
Title Jones's Studies in Practical Banking.
250 ## - EDITION STATEMENT
Edition statement 5th Ed
260 ## - PUBLICATION, DISTRIBUTION, ETC.
Place of publication, distribution, etc. London,
Name of publisher, distributor, etc. Pitman,
Date of publication, distribution, etc. 1963.
300 ## - PHYSICAL DESCRIPTION
Extent xviii, 332p.: ill.;
Other physical details Index
Dimensions 23cm
942 ## - ADDED ENTRY ELEMENTS (KOHA)
Source of classification or shelving scheme Dewey Decimal Classification
Koha item type Books
Holdings
Date last seen Total checkouts Full call number Barcode Cost, replacement price Price effective from Koha item type Lost status Source of classification or shelving scheme Damaged status Not for loan Withdrawn status Home library Current library Shelving location Date acquired Cost, normal purchase price
03/13/2025   332.1 HOL 0000002163 30000.00 03/13/2025 Books   Dewey Decimal Classification       College of Business Education Main Library College of Business Education Main Library General Collection 03/13/2025 10000.00